Business Law 3rd Ed. (Record no. 19279)
[ view plain ]
| 000 -LEADER | |
|---|---|
| fixed length control field | 00391nam a2200157Ia 4500 |
| 008 - FIXED-LENGTH DATA ELEMENTS--GENERAL INFORMATION | |
| fixed length control field | 221220s9999 xx 000 0 und d |
| 020 ## - INTERNATIONAL STANDARD BOOK NUMBER | |
| ISBN | 978-93-392-0346-7 |
| 041 ## - LANGUAGE CODE | |
| Language code of text/sound track or separate title | |
| 100 ## - MAIN ENTRY--AUTHOR NAME | |
| Personal name | P. C. Tulsian |
| 245 #0 - TITLE STATEMENT | |
| Title | Business Law 3rd Ed. |
| Statement of responsibility, etc | by P. C. Tulsian |
| 250 ## - EDITION STATEMENT | |
| Edition statement | 3rd Ed. |
| 260 ## - PUBLICATION, DISTRIBUTION, ETC. (IMPRINT) | |
| Name of publisher | Mcgraw Hill Pub |
| Place of publication | India |
| Year of publication | 2021 |
| 300 ## - PHYSICAL DESCRIPTION | |
| Number of Pages | 253 |
| 650 ## - SUBJECT ADDED ENTRY--TOPICAL TERM | |
| Topical Term | Management |
| 942 ## - ADDED ENTRY ELEMENTS (KOHA) | |
| Source of classification or shelving scheme | |
| Koha item type | Books |
| Accession Number | Cost, normal purchase price | Bill Date | Source of acquisition | Price effective from | Koha item type | Withdrawn / writtenoff status | Materials specified (bound volume or other part) | Damaged status | Not for loan | Permanent Location | Current Location | Shelving location | Date acquired | Lost/ Missing status | department |
|---|---|---|---|---|---|---|---|---|---|---|---|---|---|---|---|
| B.COM 184 | 840.00 | 47 | ABD, Jammu | 12/20/2022 | Books | Not For Loan | MIET Library, Jammu | MIET Library, Jammu | 192/5 | 11/30/2023 | B.COM | ||||
| B.COM 185 | 840.00 | 47 | ABD, Jammu | 12/20/2022 | Books | MIET Library, Jammu | MIET Library, Jammu | 191/2 | B.COM | ||||||
| B.COM 186 | 840.00 | 47 | ABD, Jammu | 12/20/2022 | Books | MIET Library, Jammu | MIET Library, Jammu | 191/2 | B.COM | ||||||
| B.COM 187 | 840.00 | 47 | ABD, Jammu | 12/20/2022 | Books | MIET Library, Jammu | MIET Library, Jammu | 191/2 | B.COM | ||||||
| B.COM 188 | 840.00 | 59 | ABD, Jammu | 12/20/2022 | Books | MIET Library, Jammu | MIET Library, Jammu | 191/2 | B.COM |